Movies Quiz

Random Movies or Book Quiz

Odd One Out: Lord of the Rings Quiz Stats

Quiz Updated Jan 18, 2018

Challenge
Share
Tweet
Embed
Score 0/9 Timer 04:00
12 Plays Today
Hint Answer % Correct
Members of the Fellowship of the Ring???
96%
Hobbits???
95.4%
Elven Civilizations???
91.3%
Rings of Power Possessors???
91.3%
Kings???
81.3%
Elves???
80%
Forests???
54.8%
Swords???
37.8%
Rivers???
33.9%

You're not logged in!

Compare scores with friends on all Sporcle quizzes.
Sign Up with Email
OR
Log In

You Might Also Like...

Show Comments

Extras

Top Quizzes Today


Score Distribution

Your Account Isn't Verified!

In order to create a playlist on Sporcle, you need to verify the email address you used during registration. Go to your Sporcle Settings to finish the process.